Teatro : elementos básicos /

Obra que a manera de ABC del teatro, desarrolla un panorama general de los elementos básicos presentes en una actuación teatral, desde la concepcón de la obra a representar hasta su montaje.

Furkejuvvon:
Bibliográfalaš dieđut
Váldodahkki: Ruiz Velasco Nuño, Alejandro (autor)
Eará dahkkit: Trejo Zaragoza, Oscar (presentación) (presentación)
Materiálatiipa: Girji
Giella:espánnjágiella
Almmustuhtton: Guadalajara, México : editorial no identificada, 1985, c1985
Fáttát:
Fáddágilkorat: Lasit fáddágilkoriid
Eai fáddágilkorat, Lasit vuosttaš fáddágilkora!

MARC

LEADER 00000nam^a2200000^a^4500
001 000391262
005 20250521000000.0
009 20260310121210.389
025 |a Donación Luis Octavio Lozano, 1 ejemplar 
037 |a Acervo Xavier Clavigero 
041 |a ESP 
082 |a 792.  |b RUI 
100 |a Ruiz Velasco Nuño, Alejandro  |e (autor) 
245 1 0 |a Teatro :  |b elementos básicos /  |c A. Ruiz Velasco Nuño ; presen. de O. Trejo Zaragoza 
264 4 |a Guadalajara, México :  |b editorial no identificada,  |c 1985, c1985 
300 |a 141 p. 
336 |a texto  |b txt  |2 rdacontenido 
337 |a sin mediación  |b n  |2 rdamedio 
338 |a volumen  |b nc  |2 rdasoporte 
520 |a Obra que a manera de ABC del teatro, desarrolla un panorama general de los elementos básicos presentes en una actuación teatral, desde la concepcón de la obra a representar hasta su montaje. 
649 |a XX 
650 |a Actuación 
650 |a Producción (Artes Escénicas) 
650 |a Teatro -  |x Técnica 
650 |a Teatro -  |x Difusión 
650 |a Teatro -  |x Estudio y Enseñanza 
650 |a Teatro -  |x Tema Principal 
650 |a Artes Escénicas 
700 |a Trejo Zaragoza, Oscar  |e (presentación) 
910 |a Fondo General 
920 |a Impresos - Libros 
930 |a Colección General 
905 |a 101 
901 |a 0500286165  |b IT1  |c ACC  |i FXC D2843  |u 20250521 
902 |a https://opac.biblio.iteso.mx/vufind/Record/000391262